Statistics for NHL Hockey First Overall Draft Picks

Click here to take the quiz!

General Stats

  • This quiz has been taken 5,901 times
    (863 since last reset)
  • The average score is 25 of 57

Answer Stats

Year Team Player % Correct
2016Maple LeafsAuston Matthews
98%
2015OilersConnor McDavid
98%
2005PenguinsSidney Crosby
97%
2004CapitalsAlexander Ovechkin
95%
2019DevilsJack Hughes
94%
2007BlackhawksPatrick Kane
94%
2008LightningSteven Stamkos
92%
2013AvalancheNathan MacKinnon
92%
2010OilersTaylor Hall
90%
2018SabresRasmus Dahlin
89%
2011OilersRyan Nugent-Hopkins
87%
2009IslandersJohn Tavares
85%
2014PanthersAaron Ekblad
81%
2017DevilsNico Hischier
80%
2003PenguinsMarc-Andre Fleury
80%
2012OilersNail Yakupov
78%
2002Blue JacketsRick Nash
77%
2001ThrashersIlya Kovalchuk
76%
2006BluesErik Johnson
64%
2000IslandersRick DiPietro
63%
1984PenguinsMario Lemieux
62%
1997BruinsJoe Thornton
55%
1998LightningVincent Lecavalier
54%
1991NordiquesEric Lindros
51%
1988North StarsMike Modano
48%
1989NordiquesMats Sundin
46%
1993SenatorsAlexandre Daigle
41%
1971CanadiensGuy Lafleur
40%
1999ThrashersPatrik Stefan
38%
1985Maple LeafsWendel Clark
33%
1981JetsDale Hawerchuk
31%
1996SenatorsChris Phillips
30%
1994PanthersEd Jovanovski
23%
1990NordiquesOwen Nolan
22%
1970SabresGilbert Perreault
20%
1995SenatorsBryan Berard
20%
1973IslandersDenis Potvin
19%
1992LightningRoman Hamrlik
19%
1978North StarsBobby Smith
18%
1987SabresPierre Turgeon
16%
1986Red WingsJoe Murphy
14%
1983North StarsBrian Lawton
14%
1980CanadiensDoug Wickenheiser
13%
1982BruinsGord Kluzak
11%
1979RockiesRob Ramage
10%
1969CanadiensRejean Houle
9%
1976CapitalsRick Green
7%
1963CanadiensGarry Monahan
7%
1974CapitalsGreg Joly
6%
1975FlyersMel Bridgman
6%
1972IslandersBilly Harris
6%
1977Red WingsDale McCourt
6%
1968CanadiensMichel Plasse
5%
1967KingsRick Pagnutti
5%
1964Red WingsClaude Gauthier
5%
1966BruinsBarry Gibbs
4%
1965RangersAndre Veilleux
4%

Score Distribution

Percentile by Number Answered

Percent of People with Each Score

Your Score History

You have not taken this quiz since the last reset